Vnorený systém s aktualizáciou firmvéru cez SPI
Guardado en:
| Autor principal: | |
|---|---|
| Otros Autores: | |
| Formato: | Manuscrito Libro |
| Lenguaje: | eslovaco |
| Publicado: |
2016
|
| Materias: | |
| Acceso en línea: | http://is.stuba.sk/zp/portal_zp.pl?podrobnosti=131603 |
| Etiquetas: |
Sin Etiquetas, Sea el primero en etiquetar este registro!
|
MARC
| LEADER | 00000ntm a22000003a 4500 | ||
|---|---|---|---|
| 001 | stuzp59051 | ||
| 003 | SK-STU | ||
| 005 | 20160719155741.4 | ||
| 007 | ta | ||
| 008 | 150427s2015----xo-----f-mn---000-0-slo-d | ||
| 040 | |a STU |b slo | ||
| 041 | 0 | |a slo | |
| 100 | 1 | |a Číkoš, Marek |u 070400 |4 aut |U FIIT Fakulta informatiky a informačných technológií |T FIIT Ústav počítačového inžinierstva a aplikovanej informatiky |X 72044 |U I400 |Y 672 |7 72044 | |
| 242 | 0 | 1 | |a Embedded system with firmware update via SPI |y eng |
| 245 | 1 | 0 | |a Vnorený systém s aktualizáciou firmvéru cez SPI |
| 260 | |c 2016 | ||
| 650 | 4 | |a spi |2 slo | |
| 650 | 4 | |a beaglebone |2 slo | |
| 650 | 4 | |a cc3100 |2 slo | |
| 650 | 4 | |a bootloader |2 slo | |
| 650 | 4 | |a vnorený systém |2 slo | |
| 650 | 4 | |a aktualizácia firmvéru |2 slo | |
| 650 | 4 | |a embedded system |2 eng | |
| 650 | 4 | |a firmware update |2 eng | |
| 650 | 4 | |a spi |2 eng | |
| 650 | 4 | |a beaglebone |2 eng | |
| 650 | 4 | |a cc3100 |2 eng | |
| 650 | 4 | |a bootloader |2 eng | |
| 700 | 1 | |a Krajčovič, Tibor |u 070400 |k Z1 |4 ths |U FIIT Fakulta informatiky a informačných technológií |T FIIT Ústav počítačového inžinierstva a aplikovanej informatiky |X 1869 |U I400 |Y 672 |7 1869 | |
| 856 | 4 | |u http://is.stuba.sk/zp/portal_zp.pl?podrobnosti=131603 | |
| 996 | |b 284IB00184 |c I*BAP 24/2016 |l II680 |s P |a 0 |w stuzp59051_0001 | ||
| SQL | |a stuzp59051 |b DBP |c SLO |d Vnorený systém s aktualizáciou firmvéru cez SPI |e 72044 |f Číkoš, Marek |g 070400 |h 1869 |i Krajčovič, Tibor |j 20160620 |k 1285 |l 07 |m http://is.stuba.sk/zp/portal_zp.pl?podrobnosti=131603 |n B-IT |o 9.2.4. počítačové inžinierstvo | ||